| 000 | 00814nem a2200229 i 4500 | ||
|---|---|---|---|
| 001 | bg | ||
| 100 | 1 | _aGĄGOL, Jerzy | |
| 245 | 0 | 0 |
_aObjaśnienia do mapy geologiczno-gospodarczej Polski 1:50 000 : _barkusz Białogard (80) / _coprac. Jerzy Gągol ; Państwowy Instytut Geologiczny. |
| 260 |
_aWarszawa : _bMŚ : _bPIG, _c2003. |
||
| 300 |
_a39 s. : _bmapy, rys. ; _c30 cm. |
||
| 500 | _aVerso kart nie zadruk. | ||
| 504 | _aBibliogr. | ||
| 651 | 9 |
_aPolska _xgeologia |
|
| 651 | 9 |
_aPolska _xgospodarka |
|
| 710 | 0 | _aPaństwowy Instytut Geologiczny | |
| 040 | _cBPK | ||
| 041 | 0 | _apol | |
| 080 | _a912:33+55](438) | ||
| 942 | _cMP | ||
| 008 | s pl f |000 0 pol | ||
| 999 |
_c35247 _d35247 |
||
| 856 |
_uhttp://koha.tu.koszalin.pl/cgi-bin/koha/opac-detail.pl?biblionumber=35247 _yKatalog online BPK |
||